Ekonomicko-manažérske spektrum

Uložené v:
Podrobná bibliografia
Médium: Seriál
Jazyk:Slovak
Vydavateľské údaje: Žilina Žilinská univerzita v Žiline 2024
Tagy: Pridať tag
Žiadne tagy, Buďte prvý, kto otaguje tento záznam!

MARC

LEADER 00000nas2a2200000 4500
001 0303064
005 20240711112553.7
022 |a 2585-7258 
041 0 |a slo 
044 |a SK 
245 1 0 |a Ekonomicko-manažérske spektrum 
264 1 |a Žilina  |b Žilinská univerzita v Žiline  |c 2024 
773 0 |w eu_un_cat*0236602